| 000 | 00556nam a2200181 i 4500 | ||
|---|---|---|---|
| 001 | 122776 | ||
| 003 | ES-MaACL | ||
| 005 | 20230906192035.0 | ||
| 007 | t| | ||
| 008 | 070214s1970 sp r ||||1| spa d | ||
| 080 | _a655.4/.5 | ||
| 100 | 1 |
_aPuigvert Calderón de la Barca, Alfredo. _994311 |
|
| 245 | 1 | 0 |
_aOrganización general de la librería / _cAlfredo Puigvert Calderón de la Barca. |
| 260 |
_aMadrid : _bParaninfo, _c1970. |
||
| 300 |
_a191 p., [4] p. de lám. : _bil. ; _c22 cm. |
||
| 650 | 4 |
_aLibrerías. _9169115 |
|
| 852 | 4 |
_aES-MaACL _jC-45144 |
|
| 999 |
_c122776 _d122776 |
||